Statistics for German Bundesliga 2023/24 Teams

Click here to take the quiz!

General Stats

  • This quiz has been taken 37 times
  • The average score is 12 of 18

Answer Stats

Answer% Correct
Bayer 04 Leverkusen
100%
FC Bayern Munich
97%
RB Leipzig
91%
Borrusia Dortmund
88%
VfB Stuttgart
85%
1. FC Köln
82%
1. FC Union Berlin
82%
Borussia Mönchengladbach
82%
Eintracht Frankfurt
79%
WfL Wolfsburg
73%
TSG Hoffenheim
64%
FC Augsburg
55%
1.FSV Mainz 05
52%
1. FC Heidenheim 1846
48%
WfL Bochum 1848
39%
SV Darmstadt 98
33%
SV Werder Bremen
9%
Sport-Club Freiburg
3%

Score Distribution

Percentile by Number Answered

Percent of People with Each Score

Your Score History

You have not taken this quiz